000 01297cam a2200361 a 4500
001 4032553
003 OSt
005 20140310184445.0
008 980203s1999 dcuab c 001 0 eng
010 _a 98011480
020 _a0439160278
040 _aDLC
_cDLC
_dDLC
042 _alcac
050 0 0 _aGC 65
_b.E184 2000
100 1 _aEarle, Sylvia A.,
_d1935-
_927714
245 1 0 _aDive! :
_bmy adventures in the deep frontier /
_cSylvia A. Earle.
260 _aWashington, D.C. :
_bNational Geographic Society,
_c2000.
300 _a64 p. :
_bcol. ill. ;
_c28 cm.
500 _aIncludes index.
521 _aG12
526 _c1230
562 _e1
600 1 0 _aEarle, Sylvia A.,
_d1935-
_xJuvenile literature.
_927715
600 1 1 _aEarle, Sylvia A.,
_d1935-
_927716
650 0 _aUnderwater exploration
_xJuvenile literature.
_927717
650 0 _aDeep diving
_xJuvenile literature.
_927718
650 1 _aUnderwater exploration.
_927719
650 1 _aDeep diving.
_927720
906 _a7
_bcbc
_corignew
_d1
_eocip
_f19
_gy-gencatlg
942 _2lcc
_cBK-SCHOLAS
999 _c34503
_d34503